| 000 | 00000nam 2200000za 4500 |
| 001 | 9.661435 |
| 003 | CaOODSP |
| 005 | 20210615120111 |
| 007 | ta |
| 008 | 150407|1999||||xxc||||| f|0| 0 eng d |
| 020 | |a0-662-64591-X |
| 040 | |aCaOODSP|beng |
| 041 | |aeng |
| 041 | |afre |
| 043 | |an-cn--- |
| 086 | 1 |aSE1-2/1999-3 |
| 245 | 00|aReport of the Chief Electoral Officer of Canada following the November 15, 1999 by-elections held in Hull--Aylmer, Mount Royal, Saskatoon--Rosetown--Biggar, York West. |
| 260 | |aOttawa : |bElections Canada, |c1999. |
| 300 | |av, 21 p. ; |c28 cm. |
| 546 | |aBilingual |
| 563 | |aSoftcover |
| 590 | |a00-08|b2000-02-25 |
| 690 | 07|aBy-elections|2gcpds |
| 690 | 07|aElectoral system|2gcpds |
| 710 | 2 |aElections Canada. |
| 776 | 0#|tRapport du directeur général des élections du Canada sur les élections partielles tenues le 15 novembre 1999 dans Hull--Aylmer, Mont-Royal, Saskatoon--Rosetown--Biggar, York-Ouest |w(CaOODSP)9.639933 |
| 776 | 0#|tReport of the Chief Electoral Officer of Canada following the November 15, 1999 by-elections held in Hull--Aylmer, Mount Royal, Saskatoon--Rosetown--Biggar, York West |w(CaOODSP)9.695836 |
| 792 | |tRapport du directeur général des élections du Canada sur les élections partielles tenues le 15 novembre 1999 dans Hull--Aylmer, Mont-Royal, Saskatoon--Rosetown--Biggar, York-Ouest.|efre|w(CaOODSP)9.661436 |